000 00610nam a2200169 i 4500
001 145527
003 ES-MaACL
005 20230906201242.0
007 t|
008 071015s1947 sp ||||1| spa d
245 0 0 _aVentajas de los métodos eficaces /
_ctraducido por el personal del M.E.C. España y preparado por Harold B. Maynard y el personal de Methods Engineering Council.
260 _a[Madrid :
_bs.n.,
_c1947?] (
_fImp. Samarán)
300 _a27 p. ;
_c23 cm.
500 _aPrecede al tít.: Métodos de fabricación.
700 1 _aMaynard, Harold Bright.
_979384
852 _aES-MaACL
_j2019-F-15
999 _c145527
_d145527